000 00257nam a22001097a 4500
008 170112b xxu||||| |||| 00| 0 eng d
020 _a9780801602337
041 _aeng
080 _23RD
_a618.2
245 _aMATERNITY NURSING
_cBOBAK & JENSEN
942 _2udc
_cBK
999 _c2797
_d2797